000 00621nam a22002057a 4500
999 _c6323
_d6323
003 AR-CdUCM
008 190314b ||||| |||| 00| 0 spa d
040 _aMUNICIPALIDAD PROVINCIAL DEL CUSCO
_cBIBLIOTECA MUNICIPAL DEL CUSCO
082 _a869.57 /
_bAC22
100 _aAcuña B., Esmeralda
_918097
245 _aCiudad del Cusco :
_bImagen de una realidad /
260 _aCusco :
_c2005.
300 _a33 páginas ;
_bIlustraciones,
_c20 cm .
505 _aContenido : Poesía
650 _aPoesía
_9444
650 _aPoetas cusqueños
_95956
650 _aLiteratura
_9416
942 _2ddc
_cLIBROS
945 _admma